000 00547nam a2200217Ia 4500
003 0100
008 130303s9999 xx 000 0 und d
020 _a0232519927
040 _cARRUPELIB
050 _aBX2179.L8E534 1992
100 _aEnglish, John
245 _aSpiritual Intimacy and community
245 _ban Ignatian view of the small faith community
260 _aLondon
260 _bDarton, Longman Todd
260 _C1992
300 _axii
300 _b 207p. 24cm.
650 _bLiberalism - congresses
942 0 0 _01
999 _c19813
_d19813